UBT Library

ELECTRO-PHOTOGRAPHY AND DEVELOPMENT PHYSICS (Record no. 14421)

000 -LEADER
fixed length control field 00311nam a22001337a 4500
008 - FIXED-LENGTH DATA ELEMENTS--GENERAL INFORMATION
fixed length control field 170526b xxu||||| |||| 00| 0 eng d
020 ## - INTERNATIONAL STANDARD BOOK NUMBER
International Standard Book Number 3540189025
041 ## - LANGUAGE CODE
Language code of text/sound track or separate title eng
080 ## - UNIVERSAL DECIMAL CLASSIFICATION NUMBER
Universal Decimal Classification number 621.3
100 ## - Rafti
Rafti 25
101 ## - Shkurtesa
Shkurtesa IM
245 ## - TITLE STATEMENT
Title ELECTRO-PHOTOGRAPHY AND DEVELOPMENT PHYSICS
Statement of responsibility, etc SCHEIN,L.B
942 ## - ADDED ENTRY ELEMENTS (KOHA)
Source of classification or shelving scheme
Item type Books
Holdings
Withdrawn status Lost status Source of classification or shelving scheme Damaged status Not for loan Collection code Permanent location Current location Shelving location Date acquired Total Checkouts Full call number Barcode Date last seen Price effective from Koha item type
          Koleksioni i përgjithshem UBT - Lipjan UBT - Lipjan Koleksioni i përgjithshem 05/26/2017   621.3 SCHE 002-285926 05/26/2017 05/26/2017 Books
UBT Library © 2015-2024. All rights reserved University Education for Business and Technology